[Event "Ludwigshafen-ch 12th"]
[Site "Ludwigshafen"]
[Date "1998.??.??"]
[Round "7"]
[White "Kuerner, Rainer"]
[Black "Bohne, Uwe"]
[Result "1/2-1/2"]
[WhiteElo "1881"]
[BlackElo "1845"]
[PlyCount "122"]
[EventDate "1998.??.??"]
[EventType "swiss"]
[EventRounds "7"]
[EventCountry "GER"]
[SourceTitle "EXT 2001"]
[Source "ChessBase"]
[SourceDate "2000.11.22"]
[SourceVersion "1"]
[SourceVersionDate "2000.11.22"]
[SourceQuality "1"]

1. e4 c5 2. Nf3 Nc6 3. d4 cxd4 4. Nxd4 g6 5. Nc3 Bg7 6. Be3 Nf6 7. f3 0-0 8. Qd2 d5 9. 0-0-0 dxe4 10. Nxe4 Nxe4 11. fxe4 Bxd4 12. Bxd4 Bg4 13. Bc3 Bxd1 14. Qxd1 Qxd1+ 15. Kxd1 Rad8+ 16. Bd3 e5 17. Ke2 Nd4+ 18. Ke3 f6 19. Rf1 Kg7 20. g4 a6 21. a4 Rd7 22. h4 Rc8 23. Rf2 b5 24. axb5 axb5 25. Bb4 Rdc7 26. c3 Nc6 27. Bc5 Nb8 28. Bd6 Rd7 29. Ba3 Rb7 30. Bd6 Rc6 31. Ba3 Na6 32. g5 Nb8 33. Bb4 Na6 34. Ba3 b4 35. Bxa6 Rxa6 36. Bxb4 fxg5 37. hxg5 Rf7 38. Rh2 Rf4 39. Rd2 Re6 40. Rd5 h6 41. Rd7+ Rf7 42. gxh6+ Kg8 43. Rd6 Ref6 44. Rxf6 Rxf6 45. Be7 Rb6 46. b4 Kf7 47. Bc5 Rb8 48. Bd6 Re8 49. c4 Ke6 50. c5 Rh8 51. b5 Rxh6 52. b6 Rh7 53. Kf3 Rf7+ 54. Ke3 g5 55. Bc7 Rxc7 56. bxc7 Kd7 57. Kf3 Kxc7 58. Kg4 Kc6 59. Kxg5 Kxc5 60. Kf6 Kd6 61. Kf5 Kd7 1/2-1/2

[Event "Ludwigshafen-ch 12th"]
[Site "Ludwigshafen"]
[Date "1998.??.??"]
[Round "4"]
[White "Kuerner, Rainer"]
[Black "Schluchter, Steffen"]
[Result "0-1"]
[WhiteElo "1881"]
[BlackElo "2169"]
[PlyCount "110"]
[EventDate "1998.??.??"]
[EventType "swiss"]
[EventRounds "7"]
[EventCountry "GER"]
[SourceTitle "EXT 2001"]
[Source "ChessBase"]
[SourceDate "2000.11.22"]
[SourceVersion "1"]
[SourceVersionDate "2000.11.22"]
[SourceQuality "1"]

1. e4 c5 2. Nf3 d6 3. d4 cxd4 4. Nxd4 Nf6 5. Nc3 g6 6. f3 Bg7 7. Be3 Nc6 8. Qd2 0-0 9. Be2 Nxd4 10. Bxd4 Qa5 11. Rd1 Be6 12. Nd5 Qxd2+ 13. Rxd2 Bxd5 14. exd5 Bh6 15. Rd1 Nxd5 16. Bc4 Nb4 17. Bb3 Bg7 18. c3 Bxd4 19. Rxd4 Nc6 20. Rd5 Rfd8 21. h4 e6 22. Rb5 b6 23. h5 Rac8 24. Rg5 Kg7 25. h6+ Kf6 26. Rg4 d5 27. Kf2 Na5 28. Rd1 Ke7 29. Ra4 Rc7 30. Rad4 b5 31. Re1 Nc4 32. Re2 Kf6 33. f4 a5 34. g4 a4 35. g5+ Ke7 36. Bxc4 Rxc4 37. Red2 f6 38. Ke3 fxg5 39. fxg5 Rf8 40. Rxc4 bxc4 41. Rd4 Rf5 42. Rg4 e5 43. b3 axb3 44. axb3 cxb3 45. Rb4 Rxg5 46. Rxb3 Rg3+ 47. Kf2 Rh3 48. Rb7+ Kf6 49. Rxh7 Rxc3 50. Kg2 Rc8 51. Rd7 Kf5 52. h7 Rh8 53. Kg3 d4 54. Rf7+ Ke4 55. Kg4 d3 0-1

[Event "Ludwigshafen-ch 12th"]
[Site "Ludwigshafen"]
[Date "1998.??.??"]
[Round "5"]
[White "Lukat, Lutz"]
[Black "Kuerner, Rainer"]
[Result "1/2-1/2"]
[WhiteElo "1846"]
[BlackElo "1881"]
[PlyCount "106"]
[EventDate "1998.??.??"]
[EventType "swiss"]
[EventRounds "7"]
[EventCountry "GER"]
[SourceTitle "EXT 2001"]
[Source "ChessBase"]
[SourceDate "2000.11.22"]
[SourceVersion "1"]
[SourceVersionDate "2000.11.22"]
[SourceQuality "1"]

1. e4 c5 2. Nf3 e6 3. d4 cxd4 4. Nxd4 Nf6 5. Nc3 Bb4 6. e5 Nd5 7. Bd2 Nxc3 8. bxc3 Bf8 9. Bd3 Nc6 10. Qe2 a6 11. 0-0 g6 12. f4 Bg7 13. Rf3 d5 14. Nxc6 bxc6 15. Be3 0-0 16. Rh3 f6 17. Rxh7 f5 18. Rh3 Kf7 19. Bc5 Rh8 20. Qf3 Qa5 21. Bb4 Rxh3 22. Qxh3 Qb6+ 23. Kh1 c5 24. Qe3 d4 25. Bxc5 Qxc5 26. cxd4 Qb4 27. Re1 Bh6 28. Rc1 Bb7 29. c4 Qb2 30. d5 Qxa2 31. Rb1 Bc8 32. d6 Qa4 33. Be2 Bd7 34. Bf3 Bc6 35. Qb6 Rc8 36. Qa7+ Bd7 37. c5 Kg8 38. g3 Bc6 39. Bxc6 Qxc6+ 40. Kg1 Qe4 41. Qb6 Qe3+ 42. Kg2 Qe2+ 43. Kh3 g5 44. Qb2 Qg4+ 45. Kg2 gxf4 46. Qf2 Rxc5 47. Qxc5 Qe2+ 48. Kg1 f3 49. Rb8+ Kh7 50. Qa7+ Bg7 51. Qf2 Qd1+ 52. Qf1 Qd4+ 53. Kh1 Qd5 1/2-1/2

[Event "Ludwigshafen-ch 12th"]
[Site "Ludwigshafen"]
[Date "1998.??.??"]
[Round "2"]
[White "Reimer, Karl"]
[Black "Kuerner, Rainer"]
[Result "0-1"]
[WhiteElo "1704"]
[BlackElo "1881"]
[PlyCount "90"]
[EventDate "1998.??.??"]
[EventType "swiss"]
[EventRounds "7"]
[EventCountry "GER"]
[SourceTitle "EXT 2001"]
[Source "ChessBase"]
[SourceDate "2000.11.22"]
[SourceVersion "1"]
[SourceVersionDate "2000.11.22"]
[SourceQuality "1"]

1. b4 d5 2. Bb2 Qd6 3. b5 Qb4 4. Ba3 Qxb5 5. e4 Qd7 6. exd5 Qxd5 7. Nc3 Qe5+ 8. Be2 Nf6 9. Nf3 Qa5 10. Qc1 c6 11. 0-0 b5 12. Qb2 e6 13. Bxf8 Rxf8 14. Rfe1 b4 15. Nd1 Ba6 16. d3 Nbd7 17. Nd4 c5 18. Bf3 Rc8 19. Nf5 Kd8 20. Nxg7 c4 21. Qd4 b3 22. Nc3 cxd3 23. Ne4 Nxe4 24. axb3 Qc3 25. Qxe4 dxc2 26. Qe3 Qxe3 27. fxe3 Nf6 28. Rec1 Bd3 29. Nh5 Nxh5 30. Bxh5 Rc7 31. Ra4 Ke7 32. Rd4 Rd8 33. Rxd8 Kxd8 34. Kf2 Ke7 35. Be2 Bxe2 36. Kxe2 Rc3 37. Kd2 Rxb3 38. Rxc2 Rb7 39. g3 a5 40. Kc3 Rc7+ 41. Kb3 Rxc2 42. Kxc2 Kd6 43. Kb3 Kd5 44. Kc3 Ke4 45. Kd2 a4 0-1